Power 4 College Football Starters 2025 - Statistics

General Stats
  • This quiz has been taken 57 times
  • The average score is 26 of 64
Answer Stats
Team QB % Correct
Alabama Crimson Tide Ty Simpson
78%
Florida Gators DJ Lagway
76%
LSU Tigers Garrett Nussmeier
76%
Miami (FL) Hurricanes Carson Beck
74%
Michigan Wolverines Bryce Underwood
72%
Vanderbilt Commodores Diego Pavia
72%
Penn State Nittany Lions Drew Allar
72%
Georgia Bulldogs Gunner Stockton
72%
Ohio State Buckeyes Julian Sayin
72%
Texas Longhorns Arch Manning
67%
South Carolina Gamecocks LaNorris Sellers
65%
Nebraska Cornhuskers Dylan Raiola
63%
Oklahoma Sooners John Mateer
63%
Oregon Ducks Dante Moore
61%
Indiana Hoosiers Fernando Mendoza
61%
Auburn Tigers Jackson Arnold
61%
Texas A&M Aggies Marcel Reed
59%
Arkansas Razorbacks Taylen Green
59%
Kansas State Wildcats Avery Johnson
57%
Tennessee Volunteers Joey Aguilar
57%
Clemson Tigers Cade Klubnik
54%
Georgia Tech Yellow Jackets Haynes King
52%
UCLA Bruins Nico Iamaleava
50%
Missouri Tigers Sam Horn / Beau Pribula
48%
Arizona State Sun Devils Sam Leavitt
48%
Florida State Seminoles Tommy Castellanos
48%
Kansas Jayhawks Jalon Daniels
46%
Ole Miss Rebels Austin Simmons
43%
Iowa State Cyclones Rocco Becht
43%
Notre Dame Fighting Irish CJ Carr
41%
Colorado Buffaloes Kaidon Salter / Julian Lewis
41%
SMU Mustangs Kevin Jennings
41%
Illinois Illini Luke Altmyer
39%
Michigan State Spartans Aidan Chiles
37%
USC Trojans Jayden Maiava
37%
TCU Horned Frogs Josh Hoover
37%
Louisville Cardinals Miller Moss
37%
Washington Huskies Demond Williams Jr.
35%
Arizona Wildcats Noah Fifita
35%
BYU Cougars Bear Bachmeier
30%
Mississippi State Bulldogs Blake Shapen
30%
Houston Cougars Conner Weigman
30%
Duke Blue Devils Darian Mensah
30%
Iowa Hawkeyes Mark Gronowski
30%
Texas Tech Red Raiders Behren Morton
28%
Cincinnati Bearcats Brendan Sorsby
28%
Baylor Bears Sawyer Robertson
28%
Utah Utes Devon Dampier
24%
North Carolina Tar Heels Gio Lopez
24%
NC State Wolfpack CJ Bailey
20%
Maryland Terrapins Malik Washington
20%
Kentucky Wildcats Zach Calzada
20%
Rutgers Scarlet Knights Athan Kaliakmanis
17%
Northwestern Wildcats Preston Stone
17%
Wisconsin Badgers Billy Edwards Jr.
15%
Minnesota Golden Gophers Drake Lindsey
15%
Pittsburgh Panthers Eli Holstein
15%
Oklahoma State Cowboys Hauss Hejny
13%
Cal Golden Bears Jaron-Keawe Sagapolutele
11%
Boston College Eagles Dylan Lonergan
9%
Purdue Boilermakers Ryan Browne / Malachi Singleton
9%
Stanford Cardinal Ben Gulbranson
7%
UCF Knights Cam Fancher
4%
West Virginia Mountaineers Nicco Marchiol / Jaylen Henderson
4%
No matching quizzes found
Score Distribution
Percent of People with Each Score
Percentile by Number Answered
Your Score History
You have not taken this quiz